000 00575nam a2200241 a 4500
001 nice12345678
003 IN_TiNIC
005 20260116011427.0
008 050524s1927 laha grp 000 0 urd
020 _a
_c100
082 0 0 _a891.4391
_bMIN
100 _aMinnat, K N
245 _aYusufistan
_b Poems
260 _aLahore
_bPunjab Religious Booksociety
_c1927
300 _a11p
500 _aincludes index and biblioraphy
505 2 _aIndex
650 _aUrdu-Poetry-religious
700 1 _aMinnat, K N
902 _bSRS
942 _cBK
999 _c1431
_d1431